[Event "12th Open"]
[Site "Trieste ITA"]
[Date "2010.09.10"]
[Round "8"]
[White "Kuzubov,Y"]
[Black "Pomaro,A"]
[Result "1-0"]
[WhiteElo "2628"]
[BlackElo "2362"]

1.Nf3 d5 2.g3 c6 3.Bg2 Bg4 4.O-O Nd7 5.d4 e6 6.Nbd2 Ngf6 7.Re1 Be7 8.e4 dxe4
9.Nxe4 Nxe4 10.Rxe4 Bf5 11.Re1 O-O 12.c3 Bd6 13.Nh4 Bg6 14.Nxg6 hxg6 15.h4 Qa5
16.Bg5 Nf6 17.Qb3 Rab8 18.Rad1 Rfe8 19.c4 Qf5 20.Rd3 e5 21.c5 exd4 22.Rxe8+ Rxe8
23.Bxf6 Re1+ 24.Kh2 Qxf2 25.Bxd4 Bxg3+ 26.Kh3 Qf4 27.Rxg3 Qxd4 28.Qxb7 Qxc5
29.Qxc6 Qf5+ 30.Kh2 Re2 31.Qa8+ Kh7 32.Qf3 Qe5 33.Qxf7 Qe4 34.Qf3  1-0

[Event "ch-ESP"]
[Site "El Sauzal ESP"]
[Date "2010.09.11"]
[Round "8"]
[White "Vassallo Barroche,M"]
[Black "Farran Martos,F"]
[Result "1-0"]
[WhiteElo "2422"]
[BlackElo "2287"]

1.Nf3 d5 2.g3 Nc6 3.c4 d4 4.Bg2 e5 5.d3 Nf6 6.O-O Bc5 7.b4 Bxb4 8.Nxe5 Nxe5
9.Qa4+ Nc6 10.Bxc6+ bxc6 11.Qxb4 Bh3 12.Re1 Ng4 13.Nd2 h5 14.Nf3 h4 15.Qc5 hxg3
16.hxg3 Qc8 17.e3 f6 18.exd4+ Kf7 19.Re7+ Kg6 20.Qxc6 Re8 21.Nh4+ Kh7 22.Qe4+ Kh8
23.Ng6+ Kg8 24.Qd5+  1-0

[Event "e2e4 Open"]
[Site "Sunningdale ENG"]
[Date "2010.09.11"]
[Round "3"]
[White "Mangione,C"]
[Black "Sagues,V"]
[Result "1-0"]
[WhiteElo "2074"]
[BlackElo "1945"]

1.Nf3 d5 2.g3 e6 3.Bg2 Nf6 4.O-O Nbd7 5.d3 Bd6 6.c4 O-O 7.Nc3 c6 8.cxd5 exd5
9.e4 Ne5 10.Nxe5 Bxe5 11.d4 Bc7 12.e5 Nd7 13.b3 Re8 14.Ba3 Nf8 15.Bxf8 Rxf8
16.Rc1 Be6 17.Na4 Qe7 18.Nc5 Bb6 19.Qd3 Bxc5 20.Rxc5 f6 21.Re1 fxe5 22.Rxe5 Qf6
23.Qe3 Rae8 24.Bh3 Bf7 25.Rc1 Qg6 26.Re1 Rxe5 27.dxe5 Be6 28.Bxe6+ Qxe6 29.Qxa7 Qf5
30.e6 Re8 31.Qxb7 Rxe6 32.Qc8+ Kf7 33.Rxe6 Qxe6 34.Qxe6+ Kxe6 35.Kf1 Ke5
36.Ke2 Kd4 37.Kd2 g5 38.f3 h5 39.a4 g4 40.f4 Ke4 41.a5 Kf3 42.f5 Kg2 43.f6 Kxh2
44.f7 Kxg3 45.f8=Q h4 46.a6 h3 47.a7 h2 48.Qf1  1-0

[Event "FSIMB September"]
[Site "Budapest HUN"]
[Date "2010.09.13"]
[Round "10"]
[White "To,N"]
[Black "Titz,Hei"]
[Result "1/2-1/2"]
[WhiteElo "2426"]
[BlackElo "2225"]

1.g3 d5 2.Nf3 Nf6 3.Bg2 c6 4.O-O Bg4 5.d4 Nbd7 6.Nbd2 e6 7.Re1 Be7 8.c3 O-O
9.e4 dxe4 10.Nxe4 h6 11.Nxf6+ Nxf6 12.Qb3 Qb6 13.Ne5 Bf5 14.Nc4 Qxb3 15.axb3 Rfd8
16.b4 Nd5 17.Ne3 Bd3 18.Ng4 a6 19.Ne5 Bh7 20.Bf3 Bd6 21.Bh5 Bxe5 22.Rxe5 Bd3
23.Bd2 Ne7 24.Rea5 Rd5 25.Bd1 Rad8 26.Bb3 Rxa5 27.Rxa5 Nd5 28.f3 Nb6 29.Rc5 Nd7
30.Ra5 Nb6 31.Rc5 Nd7 32.Ra5  1/2-1/2

[Event "USCL"]
[Site "ICC INT"]
[Date "2010.09.13"]
[Round "4"]
[White "Panchanathan,M"]
[Black "Erenburg,S"]
[Result "1/2-1/2"]
[WhiteElo "2533"]
[BlackElo "2600"]

1.Nf3 d5 2.g3 c6 3.Bg2 Bg4 4.O-O Nf6 5.d4 e6 6.Nbd2 Be7 7.Re1 O-O 8.e4 Bh5
9.c3 Bg6 10.Qb3 Qc7 11.Ne5 Bxe4 12.Nxe4 Nxe4 13.Bxe4 dxe4 14.Bf4 Bd6 15.Rxe4 Nd7
16.Nxd7 Qxd7 17.Bxd6 Qxd6 18.Qxb7 Rfb8 19.Qa6 Rxb2 20.Re5 h6 21.Rc5 Rb6 22.Qc4 Rd8
23.a4 Qb8 24.Kg2 Rb2 25.Ra2 Rxa2 26.Qxa2 Rd5 27.Qc4 Qb7 28.a5 Qb1 29.Rxd5 cxd5
30.Qc8+ Kh7 31.Qc7  1/2-1/2

[Event "WCh w Blitz Final"]
[Site "Moscow RUS"]
[Date "2010.09.18"]
[Round "19"]
[White "Koneru,H"]
[Black "Kosintseva,T"]
[Result "0-1"]
[WhiteElo "2593"]
[BlackElo "2573"]

1.Nf3 d5 2.g3 c6 3.Bg2 Bg4 4.b3 Nf6 5.Bb2 Nbd7 6.O-O e6 7.d3 Be7 8.Nbd2 O-O
9.h3 Bh5 10.e4 Ne8 11.Qe2 f6 12.exd5 exd5 13.Rfe1 Bd6 14.c4 Nc7 15.g4 Re8
16.Qf1 Bf7 17.a3 Bf4 18.Rxe8+ Nxe8 19.Re1 Nc7 20.Qe2 Nc5 21.b4 N5e6 22.Nb3 Qf8
23.Nfd4 Re8 24.Qf1 dxc4 25.dxc4 Nxd4 26.Rxe8 Qxe8 27.Nxd4 Ne6 28.Nf5 Ng5
29.h4 Ne6 30.c5 Nc7 31.Nd6 Bxd6 32.cxd6 Nd5 33.Bd4 a6 34.Qd3 Be6 35.g5 fxg5
36.Qg3 Nf4 37.Qe3 Nxg2 38.Kxg2 gxh4 39.Qe5 Qf7 40.Qg5 h6 41.Qd8+ Kh7 42.Qe7 Qg6+
43.Kh2 Qg4 44.Be5 Qh3+ 45.Kg1 Qg4+ 46.Kh2 h3 47.Bg3 Qe4 48.f3  0-1

[Event "TCh-FIN 2010-11"]
[Site "Porvoo FIN"]
[Date "2010.09.18"]
[Round "1.3"]
[White "Seeman,T"]
[Black "Nyysti,S"]
[Result "1/2-1/2"]
[WhiteElo "2420"]
[BlackElo "2365"]

1.g3 d5 2.Nf3 Bg4 3.Bg2 c6 4.c4 dxc4 5.Na3 g6 6.Nxc4 Bg7 7.O-O Nf6 8.Qc2 O-O
9.b4 Qc8 10.Bb2 Na6 11.Rab1 Nxb4 12.Qb3 Nbd5 13.Bxf6 Bxf6 14.Qxb7 Nb6 15.Qxc8 Rfxc8
16.Rfc1 Nxc4 17.Rxc4 Be6 18.Ra4 Rab8 19.Rxb8 Rxb8 20.h4 Rb2 21.a3 Rb7 22.Nd4 Rb6
23.Kh2 Bxd4 24.Rxd4 c5 25.Rd8+ Kg7 26.Bd5 Kf6  1/2-1/2

[Event "EYCC Boys U16"]
[Site "Batumi GEO"]
[Date "2010.09.21"]
[Round "2"]
[White "Gabuzyan,H"]
[Black "Mangiashvili,O"]
[Result "1-0"]
[WhiteElo "2261"]
[BlackElo "1804"]

1.Nf3 d5 2.g3 g6 3.Bg2 Bg7 4.O-O Nf6 5.d4 e6 6.c4 O-O 7.Nbd2 Nbd7 8.Qc2 c6
9.Rd1 Qe7 10.e4 dxe4 11.Nxe4 e5 12.Nxf6+ Bxf6 13.d5 cxd5 14.cxd5 Qc5 15.Qe2 Bg7
16.d6 Rd8 17.Bg5 f6 18.Rac1 Qb4 19.Be3 Nf8 20.Bc5 Qg4 21.Rc4 Qd7 22.a4 b6
23.Nxe5 fxe5 24.Bxa8 Ba6 25.Bd5+ Kh8 26.Ba3 Ne6 27.Qg4 Bxc4 28.Qxc4 Nd4 29.Qc7 Bf8
30.Rxd4 exd4 31.Bc6 Qxc7 32.dxc7 Rc8 33.Bxf8 Rxc7 34.Bb5 Rc1+ 35.Kg2 Rd1
36.Kf3 d3 37.Bb4 d2 38.Ke2 Rh1 39.Bxd2 Rxh2 40.Bf4 Rh5 41.Bb8  1-0

[Event "EYCC Girls U12"]
[Site "Batumi GEO"]
[Date "2010.09.21"]
[Round "2"]
[White "Batrak,A"]
[Black "Imanly,Magrura Mahammad"]
[Result "1-0"]
[WhiteElo "1892"]
[BlackElo "1636"]

1.Nf3 d5 2.g3 g6 3.Bg2 c5 4.O-O Bg7 5.d4 cxd4 6.Nxd4 e5 7.Nb3 Ne7 8.Bg5 f6
9.Be3 O-O 10.Bc5 d4 11.e3 Re8 12.exd4 exd4 13.Nxd4 Qc7 14.Ba3 Nec6 15.Nb5 Qb6
16.Nd6 Re5 17.Nxc8 Qa5 18.Nd6 Na6 19.Nc4  1-0

[Event "EYCC Boys U16"]
[Site "Batumi GEO"]
[Date "2010.09.22"]
[Round "3"]
[White "Tsereteli,K"]
[Black "Khachykian,D"]
[Result "0-1"]
[WhiteElo "1978"]
[BlackElo "2176"]

1.Nf3 d5 2.g3 Nf6 3.Bg2 c5 4.d3 g6 5.O-O Bg7 6.Nbd2 Nc6 7.c3 O-O 8.e4 dxe4
9.dxe4 Qc7 10.Qc2 b6 11.Re1 e5 12.Nf1 h6 13.Ne3 Be6 14.h3 Rad8 15.Nh4 Qe7
16.b3 b5 17.Bb2 b4 18.c4 Nd4 19.Bxd4 cxd4 20.Nd5 Qc5 21.Qd2 Bxd5 22.cxd5 Rc8
23.Rac1 Qb6 24.Rc4 Rxc4 25.bxc4 Rc8 26.Bf1 Nd7 27.Kh1 Nc5 28.f4 b3 29.Rb1 Nxe4
30.Qg2 bxa2 31.Qxa2 Nxg3+ 32.Kg2 Qf6 33.Kxg3 Qxf4+ 34.Kg2 Qxh4 35.Rb7 Qg5+
36.Kh1 Qf4 37.Bg2 e4 38.Qe2 d3 39.Qxe4 Qc1+ 40.Kh2 Qxc4 41.d6 Qxe4 42.Bxe4 Be5+
43.Kg2 Bxd6 44.Bxd3 Rc7 45.Rb8+ Kg7 46.Ra8 Rc3 47.Be4 Rg3+ 48.Kf1 Rxh3  0-1

[Event "EYCC Boys U12"]
[Site "Batumi GEO"]
[Date "2010.09.22"]
[Round "3"]
[White "Mamedov,Elm"]
[Black "Kuzmin,E"]
[Result "0-1"]
[WhiteElo "1926"]
[BlackElo "2067"]

1.Nf3 d5 2.g3 Nf6 3.Bg2 Bg4 4.O-O Nbd7 5.d3 c6 6.Nbd2 e6 7.c3 Be7 8.Qc2 O-O
9.e4 Bh5 10.Re1 b5 11.Nd4 Qb6 12.e5 Ne8 13.N2f3 c5 14.Nb3 Qb8 15.Nbd2 Bg6
16.Bf1 Nb6 17.Qd1 a5 18.d4 c4 19.h4 b4 20.Nh2 h6 21.h5 Bh7 22.f4 Nc7 23.Ndf3 Nb5
24.Bd2 bxc3 25.Bxc3 Nxc3 26.bxc3 Ba3 27.Qd2 Na4 28.Re3 Qb2 29.Qe1 Qb7 30.Qd2 Bb2
31.Rae1 Qe7 32.g4 Qa3 33.Qg2 Bxc3 34.g5 hxg5 35.Qxg5 Kh8 36.R1e2 Rg8 37.Ng4 Qf8
38.Rh2 Qd8 39.Qxd8 Raxd8 40.Ng5 Rd7 41.Kh1 Bf5 42.Be2 Bd2 43.h6 Bxe3 44.hxg7+ Kxg7
45.Nf6 Rb7 46.Rg2 Rb1+  0-1

[Event "EYCC Boys U12"]
[Site "Batumi GEO"]
[Date "2010.09.23"]
[Round "5"]
[White "Paravyan,D"]
[Black "Mraz,O"]
[Result "1/2-1/2"]
[WhiteElo "2093"]
[BlackElo "1788"]

1.Nf3 d5 2.g3 Bg4 3.Bg2 Nd7 4.d3 e6 5.O-O Bd6 6.Nbd2 Ngf6 7.c4 c6 8.b3 O-O
9.Bb2 Qe7 10.Re1 e5 11.e4 d4 12.h3 Bxf3 13.Nxf3 Rfd8 14.Nh4 g6 15.Qc1 Nh5
16.Qh6 Qf6 17.Nf3 Bf8 18.Qd2 a5 19.a3 c5 20.a4 Qb6 21.Reb1 Qb4 22.Bc1 Qxd2
23.Bxd2 b6 24.Ne1 Ra7 25.Nc2 f6 26.Bf3 Ng7 27.Bg4 f5 28.Bf3 Nf6 29.Re1 Re8
30.exf5 gxf5 31.Bg5 Kf7 32.Na3 e4 33.Nb5 Rd7 34.Bxf6 Kxf6 35.dxe4 fxe4 36.Rxe4 Rxe4
37.Bxe4 Nf5 38.Bxf5 Kxf5 39.Rd1 Bg7 40.f3 Be5 41.Kf2 Re7 42.Na3 h5 43.h4 Rg7
44.f4 Bf6 45.Kf3 Re7 46.Nc2 Kg6 47.Rd3 Re8 48.Rd2 Re7 49.Rd3 Re8 50.Na3 Kf5
51.Nb5 Re6 52.Kf2  1/2-1/2

[Event "EYCC Girls U12"]
[Site "Batumi GEO"]
[Date "2010.09.23"]
[Round "5"]
[White "Batrak,A"]
[Black "Beinenson,Katsiaryna"]
[Result "1-0"]
[WhiteElo "1892"]
[BlackElo "1921"]

1.Nf3 d5 2.g3 Nf6 3.Bg2 e6 4.O-O Be7 5.d4 O-O 6.c4 c6 7.Nc3 a6 8.a4 Nbd7
9.c5 Ne4 10.Qc2 f5 11.a5 Bf6 12.Bf4 g5 13.Be3 e5 14.dxe5 Nxe5 15.Nxe5 Bxe5
16.Nxe4 dxe4 17.Rfd1 Qf6 18.Rab1 f4 19.Bd4 f3 20.Bxe5 Qxe5 21.exf3 exf3 22.Bf1 Bf5
23.Qb3+ Kh8 24.Rbc1 Rab8 25.Re1 Qg7 26.Qxf3 Qxb2 27.Qc3+ Qxc3 28.Rxc3 Rbd8
29.Rce3 Rd5 30.Re5 Rxe5 31.Rxe5 Kg7 32.g4 Bd7 33.Rxg5+ Kf6 34.h4 h6 35.Rh5 Bxg4
36.Rxh6+ Ke5 37.Rg6 Bf5 38.Rg7 Bc8 39.h5 Rh8 40.Be2 Kd5 41.Rg5+ Ke4 42.Kg2 Kf4
43.Rg7 Kf5 44.Bg4+ Kf6 45.Rg6+ Kf7 46.Bxc8 Rxc8 47.Rd6 Rh8 48.h6 Rg8+ 49.Kh3 Rg5
50.Rd7+ Kg8 51.Rg7+ Rxg7 52.hxg7 Kxg7 53.Kg4 Kf6 54.Kf4 Ke6 55.Ke4 Kf6 56.f4 Ke6
57.f5+ Kf6 58.Kf4 Kf7 59.Ke5 Ke7 60.f6+ Kf7 61.Ke4  1-0

[Event "39th Olympiad Women"]
[Site "Khanty-Mansiysk RUS"]
[Date "2010.09.23"]
[Round "3"]
[White "Sikorova,O"]
[Black "Stojanovic,Andj"]
[Result "1/2-1/2"]
[WhiteElo "2290"]
[BlackElo "2337"]

1.Nf3 d5 2.g3 g6 3.Bg2 Bg7 4.O-O e5 5.d3 Ne7 6.c4 c6 7.Qb3 O-O 8.cxd5 Nxd5
9.Nc3 Nb6 10.Bg5 Qc7 11.Rac1 Be6 12.Qa3 f6 13.Be3 Na6 14.b3 f5 15.Ng5 Qd7
16.Nxe6 Qxe6 17.b4 Nc7 18.b5 Nbd5 19.Nxd5 Nxd5 20.Qb3 Qf7 21.bxc6 bxc6 22.Rxc6 Nxe3
23.fxe3 Qxb3 24.axb3 Rad8 25.Rc7 Bh6 26.Kf2 e4 27.Rd1 Rfe8 28.Rc3 a5 29.g4 exd3
30.Rdxd3 Rxd3 31.Rxd3 fxg4 32.Bd5+ Kg7 33.e4 Bf4 34.Kg2 Be5 35.Rd1 h5 36.Rf1 Rf8
37.Rxf8 Kxf8 38.Bc6 Kg7 39.Be8 Kf6 40.Bd7 Kg5 41.Be8 h4 42.h3 g3 43.Kf3 Kf6
44.Kg2  1/2-1/2

[Event "39th Olympiad Men"]
[Site "Khanty-Mansiysk RUS"]
[Date "2010.09.24"]
[Round "4"]
[White "Drasko,M"]
[Black "Sveshnikov,V"]
[Result "1/2-1/2"]
[WhiteElo "2486"]
[BlackElo "2374"]

1.Nf3 d5 2.g3 c6 3.Bg2 Bg4 4.O-O Nd7 5.d3 Ngf6 6.Qe1 e5 7.e4 dxe4 8.dxe4 Bc5
9.Nbd2 O-O 10.h3 Bh5 11.a4 Re8 12.Nc4 b5 13.Na5 Qc7 14.Bg5 h6 15.Bd2 Nb6
16.b3 Nfd7 17.Nh4 Be7 18.Nf5 Bf8 19.axb5 cxb5 20.Ra2 Nc5 21.Bb4 Rac8 22.f3 Red8
23.h4 f6 24.Bh3 Be8 25.Kg2 Bd7 26.h5 Kh7 27.Bg4 Na8 28.Rf2 Qb6 29.Bd2 Qc7
30.Be3 Nb6 31.Ra1 a6 32.Re2 Re8 33.Rd1 Be6 34.Bf2  1/2-1/2

[Event "39th Olympiad Men"]
[Site "Khanty-Mansiysk RUS"]
[Date "2010.09.24"]
[Round "4"]
[White "AlHuwar,J"]
[Black "Felgaer,R"]
[Result "0-1"]
[WhiteElo "2265"]
[BlackElo "2597"]

1.Nf3 d5 2.g3 g6 3.Bg2 Bg7 4.d4 Nf6 5.c4 dxc4 6.Na3 O-O 7.Nxc4 Nc6 8.O-O Be6
9.b3 Bd5 10.Bb2 a5 11.Ne3 Be4 12.Ne5 Bxg2 13.Kxg2 Nd5 14.Nxc6 Nxe3+ 15.fxe3 Qd5+
16.Rf3 Qxc6 17.Rc1 Qd7 18.Qc2 c6 19.Qc4 e6 20.e4 f5 21.e5 Rfd8 22.a4 Bf8
23.Rd3 Rac8 24.Qc2 Qd5+ 25.Kf2 c5 26.Ba3 cxd4  0-1

[Event "39th Olympiad Men"]
[Site "Khanty-Mansiysk RUS"]
[Date "2010.09.24"]
[Round "4"]
[White "Mazurkiewicz,Marcin"]
[Black "Young,Al"]
[Result "1-0"]
[WhiteElo "2000"]
[BlackElo "2009"]

1.Nf3 d5 2.g3 Nf6 3.Bg2 Bg4 4.O-O e6 5.d3 Bd6 6.Qe1 O-O 7.e4 dxe4 8.dxe4 Bxf3
9.Bxf3 Nc6 10.c3 e5 11.b4 Qd7 12.Qe2 a6 13.Be3 Rfd8 14.Nd2 Bf8 15.Rac1 Qe6
16.Nb3 b6 17.Rfd1 Rxd1+ 18.Rxd1 a5 19.b5 a4 20.Nc1 Na5 21.Bg2 Nc4 22.Bg5 Be7
23.Bxf6 gxf6 24.Qh5 Bf8 25.Bh3 Qe8 26.Bf5 h6 27.Qg4+ Bg7 28.Rd7 Nd6 29.Rxc7 Nxf5
30.Qxf5 Rd8 31.Kg2 Qxb5 32.Qh5 Qe8 33.Qg4 b5 34.Ne2 Kh8 35.Ng1 Kg8 36.Nf3 Kh8
37.Nh4 Qg8 38.Qh5 Rc8 39.Rxf7 Qe8 40.Ng6+ Kh7 41.Ne7  1-0

[Event "39th Olympiad Men"]
[Site "Khanty-Mansiysk RUS"]
[Date "2010.09.25"]
[Round "5"]
[White "Erikson,R"]
[Black "Cummins,John"]
[Result "1-0"]
[WhiteElo "2252"]
[BlackElo "1882"]

1.Nf3 d5 2.g3 Nf6 3.Bg2 e6 4.c4 Be7 5.O-O O-O 6.d4 Nbd7 7.Ne5 c6 8.f4 Nb6
9.c5 Nbd7 10.Nc3 Qc7 11.Be3 Rd8 12.b4 Nf8 13.b5 Ne4 14.Nxe4 dxe4 15.bxc6 f6
16.cxb7 Bxb7 17.Ng4 Bc6 18.Qc2 h5 19.Nf2 f5 20.h3 Ng6 21.Qc4 Bd5 22.Qc3 Rdb8
23.g4 h4 24.Bd2 Bd8 25.Nd1 Rb7 26.gxf5 exf5 27.Ne3 Be6 28.Nc4 Bd5 29.Nd6 Rbb8
30.Nxf5 Be7 31.Ne3 Nxf4 32.Rxf4 Qxf4 33.Nxd5 Qf7 34.Bxe4 Rf8 35.Nxe7+ Qxe7
36.Bxa8  1-0

[Event "39th Olympiad Men"]
[Site "Khanty-Mansiysk RUS"]
[Date "2010.09.25"]
[Round "5"]
[White "Collutiis,D"]
[Black "Mastrovasilis,D"]
[Result "0-1"]
[WhiteElo "2447"]
[BlackElo "2569"]

1.Nf3 d5 2.g3 c6 3.Bg2 Bg4 4.O-O Nd7 5.d3 Ngf6 6.c4 e6 7.cxd5 exd5 8.h3 Bh5
9.Qc2 Be7 10.Nc3 O-O 11.e4 Nc5 12.g4 Bg6 13.Ne5 dxe4 14.dxe4 Nfd7 15.Rd1 Qc8
16.Nxd7 Nxd7 17.f4 f6 18.Ne2 Bf7 19.Be3 Rd8 20.Rd2 Nf8 21.Nd4 Ne6 22.Nf5 Bf8
23.Rxd8 Qxd8 24.Rd1 Qc7 25.Qf2 Rd8 26.Rd2 b6 27.a3 Rxd2 28.Qxd2 c5 29.Ng3 c4
30.Ne2 Bc5 31.Kf1 h6 32.Bxc5 Nxc5 33.Nc1 b5 34.Kf2 a5 35.Ke2 g5 36.e5 Ne6
37.exf6 Nxf4+ 38.Kd1 Qb6 39.Be4 Qxf6 40.Ne2 Nxh3 41.Qxa5 Nf2+ 42.Kc1 Nd3+
43.Kd2 Qxb2+ 44.Ke3 Qe5 45.Qd8+ Kg7 46.Qd4 Be8 47.Ng3 Kf8 48.Nf5 Qf4+ 49.Ke2 Qxg4+  0-1

[Event "39th Olympiad Men"]
[Site "Khanty-Mansiysk RUS"]
[Date "2010.09.25"]
[Round "5"]
[White "Dizdarevic,E"]
[Black "Eljanov,P"]
[Result "1/2-1/2"]
[WhiteElo "2475"]
[BlackElo "2761"]

1.Nf3 d5 2.g3 c6 3.Bg2 Nf6 4.O-O Bg4 5.d3 e6 6.c4 Nbd7 7.cxd5 exd5 8.h3 Bh5
9.Nc3 Bc5 10.Qb3 b5 11.e4 dxe4 12.dxe4 Bxf3 13.Bxf3 Ne5 14.Be2 O-O 15.Kg2 Ned7
16.Bg5 Bd4 17.Rad1 Qb6 18.Qc2 h6 19.Bd2 Qc5 20.Qb1 Rfe8 21.f3 Rad8 22.Rc1 Qb6
23.Qc2 a6 24.Nd1 c5 25.Ne3 g6 26.Ng4 h5 27.Nxf6+ Qxf6 28.h4 Qc6 29.Rfd1 Ne5
30.b3 f5 31.Bg5 fxe4 32.Qxe4 Qxe4 33.fxe4 Rd6 34.Bf4 Rdd8 35.a4 bxa4 36.bxa4 Rd6
37.Rc2  1/2-1/2

[Event "TCh-NED Meesterklasse 2010-11"]
[Site "Netherlands NED"]
[Date "2010.09.25"]
[Round "1.2"]
[White "Hausrath,D"]
[Black "Burg,T"]
[Result "1-0"]
[WhiteElo "2537"]
[BlackElo "2455"]

1.Nf3 d5 2.g3 Nf6 3.Bg2 c6 4.c4 dxc4 5.O-O Nbd7 6.Qc2 Nb6 7.Na3 Qd5 8.b3 cxb3
9.axb3 g6 10.Nc4 Nxc4 11.bxc4 Qh5 12.Qc3 Bg7 13.Ra5 Qg4 14.d3 O-O 15.Qa3 a6
16.Re5 Re8 17.Rxe7 Rxe7 18.Qxe7 Qe6 19.Qc7 a5 20.Ba3 Qd7 21.Qb6 Ra6 22.Qc5 b6
23.Qg5 h6 24.Qd2 b5 25.Ne5 Qe6 26.cxb5 cxb5 27.Rc1 b4 28.Bb2 Bd7 29.d4 Ne8
30.d5 Qe7 31.Nc6 Bxc6 32.dxc6 Bxb2 33.Qxb2 a4 34.Bd5 Nc7 35.Bc4 Rb6 36.Qc2 Qg5
37.Rd1 b3 38.Qe4 b2 39.Ba2 Qc1 40.Qxg6+ Kh8 41.Qf6+ Kg8 42.Qxf7+ Kh8 43.Qg8+  1-0

[Event "OIS"]
[Site "Munich GER"]
[Date "2010.09.26"]
[Round "2"]
[White "Deglmann,L"]
[Black "Nuessel,G"]
[Result "1/2-1/2"]
[WhiteElo "2397"]
[BlackElo "2129"]

1.g3 d5 2.Nf3 g6 3.c4 c6 4.cxd5 cxd5 5.Nc3 Nf6 6.Bg2 Bg7 7.Qa4+ Bd7 8.Qb3 Bc6
9.Ne5 O-O 10.d4 e6 11.O-O Nfd7 12.Nxc6 Nxc6 13.e3 Qb6 14.Qxb6 Nxb6 15.b3 Rfc8
16.Bb2 a6 17.Rfd1 Rc7 18.Rac1 Rac8 19.Bf1 f5 20.Bd3 Bf8 21.f4 Kf7 22.Kf2 Bb4
23.Ne2 Na5 24.Rxc7+ Rxc7 25.Ng1 Nd7 26.Nf3 Ke7 27.Ke2 Nf6 28.Rc1 Rxc1 29.Bxc1 Ne4
30.Bb2 Bd6 31.Nd2 Bb4 32.Nxe4 dxe4 33.Bc2 b5 34.g4 Nc6 35.a3 Bd6 36.gxf5 gxf5
37.Kf2 Kf7 38.Bd1 Ne7 39.Bh5+ Kf8 40.Be2 Nd5 41.Bd1  1/2-1/2

[Event "EYCC Boys U18"]
[Site "Batumi GEO"]
[Date "2010.09.27"]
[Round "8"]
[White "Javakhadze,Z"]
[Black "Mammadov,A"]
[Result "0-1"]
[WhiteElo "2358"]
[BlackElo "2358"]

1.Nf3 d5 2.g3 Nf6 3.Bg2 e6 4.O-O Be7 5.d3 O-O 6.Nbd2 Nc6 7.e4 dxe4 8.dxe4 e5
9.b3 Bc5 10.Bb2 Qe7 11.a3 a6 12.h3 Rd8 13.Qe2 Nd4 14.Nxd4 Bxd4 15.c3 Ba7
16.Kh2 Bd7 17.f4 exf4 18.Rxf4 Be6 19.e5 Qd7 20.Bc1 Nd5 21.Rf3 Nxc3  0-1

[Event "USCL"]
[Site "ICC INT"]
[Date "2010.09.27"]
[Round "6"]
[White "Barcenilla,R"]
[Black "Erenburg,S"]
[Result "1/2-1/2"]
[WhiteElo "2518"]
[BlackElo "2600"]

1.Nf3 d5 2.g3 c6 3.Bg2 Bg4 4.d4 e6 5.O-O Nf6 6.Nbd2 Be7 7.Re1 O-O 8.e4 dxe4
9.Nxe4 Nbd7 10.h3 Bh5 11.c3 Nxe4 12.Rxe4 Qc7 13.Bf4 Bd6 14.Bxd6 Qxd6 15.Qb3 Bxf3
16.Bxf3 Qc7 17.Rae1 Rfd8 18.Qc2 a5 19.Rh4 h6 20.Rhe4 Rac8 21.g4 Nf8 22.Qc1 c5
23.dxc5 Qxc5 24.Re5 Qc7 25.Rb5 b6 26.g5 hxg5 27.Qxg5 Rd3 28.Qg4 Rcd8 29.h4 f5
30.Qg2 Qf4 31.Be2 Rd2 32.Qg3 Qe4 33.Re5 Qc6 34.b3 R8d5 35.Re3 Qd6 36.Qf3 b5
37.a4 bxa4 38.bxa4 Rc5 39.Bb5 Qd8 40.Qf4 Ng6 41.Qg5 Qxg5+ 42.hxg5 Nf4 43.Kh2 Kh7
44.Kg3 Nd5 45.Rxe6 Rxc3+ 46.f3 f4+ 47.Kg4 Ne3+ 48.Kxf4 Ng2+ 49.Kg4 Nxe1 50.Rxe1 Rg2+
51.Kf4 Rh2 52.Re6 Rh4+ 53.Kg3 Rh1 54.Bc6 Rg1+ 55.Kf4 Rc5 56.Be4+ Kg8 57.g6 Kf8
58.Ra6 Rc4 59.Ra8+ Ke7 60.Ra7+ Kf8 61.Kf5 Rxa4 62.Rf7+ Kg8 63.Ra7 Kf8 64.Ra8+ Ke7
65.Rg8 Rxe4 66.fxe4 a4 67.Rxg7+ Kf8 68.Rf7+ Kg8 69.Ra7 Ra1 70.Ra8+ Kg7 71.Ra7+ Kg8
72.Kf6 Rf1+ 73.Ke6 Ra1 74.Kf6 Rf1+ 75.Ke6 Ra1 76.Kf6 Rf1+  1/2-1/2

[Event "USCL"]
[Site "ICC INT"]
[Date "2010.09.27"]
[Round "6"]
[White "Chase,C"]
[Black "Voelker,Ja"]
[Result "1-0"]
[WhiteElo "2297"]
[BlackElo "2194"]

1.Nf3 d5 2.g3 c5 3.Bg2 Nc6 4.d3 Nf6 5.O-O e6 6.Nbd2 Be7 7.e4 O-O 8.Re1 b6
9.e5 Nd7 10.Nf1 Bb7 11.h4 Qc7 12.Bf4 d4 13.N1d2 Nb4 14.Ne4 Nd5 15.Bg5 Bc6
16.Qd2 Kh8 17.c4 dxc3 18.bxc3 Rae8 19.c4 Nb4 20.a3 Bxe4 21.Rxe4 Nc6 22.Qf4 Ndb8
23.Qg4 Rd8 24.Rd1 Rd7 25.Qh5 Rfd8 26.Bxe7 Rxe7 27.Ng5 h6 28.Nf3 Kh7 29.Ng5+ Kg8
30.Nh3 Kh7 31.Re3 g6 32.Qe2 Nd4 33.Qg4 Nbc6 34.f4 Nf5 35.Ree1 Ncd4 36.Be4 Nc2
37.h5 Nxe1 38.Rxe1 Qd7 39.Qf3 Rg8 40.Kh2 Kh8 41.g4 Nd4 42.Qf2 Qa4 43.Qh4 g5
44.fxg5 hxg5 45.Nxg5 Qc2+ 46.Kh3 Qd2 47.Nh7 Qf4 48.Qf6+ Qxf6 49.exf6 Rd7
50.Kh4 a6 51.Rf1 b5 52.g5 Nf5+ 53.Rxf5 exf5 54.Bxf5 Rd4+ 55.Kg3 bxc4 56.dxc4 Rxc4
57.g6 fxg6 58.hxg6 Rc3+ 59.Kf4 Rxa3 60.f7 Ra1 61.Nf6 Rf1+ 62.Kg5 Rd8 63.Ne8 Rg1+
64.Kf6  1-0

[Event "39th Olympiad Women"]
[Site "Khanty-Mansiysk RUS"]
[Date "2010.09.27"]
[Round "6"]
[White "Franciskovic,B"]
[Black "Berzina,I"]
[Result "1/2-1/2"]
[WhiteElo "2282"]
[BlackElo "2283"]

1.Nf3 d5 2.g3 Bg4 3.Bg2 Nd7 4.c4 e6 5.O-O Ngf6 6.cxd5 exd5 7.Nc3 c6 8.d3 Bc5
9.Qb3 Bb6 10.Na4 O-O 11.Nxb6 axb6 12.Be3 Re8 13.h3 Bh5 14.Rfe1 Ra6 15.Qb4 h6
16.g4 Bg6 17.Qf4 Nf8 18.Nh4 Ne6 19.Qg3 Bh7 20.Kh2 Ra4 21.b3 Ra5 22.Nf5 d4
23.Bd2 Rc5 24.Rac1 h5 25.Rxc5 bxc5 26.Kh1 hxg4 27.hxg4 Nd5 28.Nd6 Re7 29.Nf5 Re8
30.Kg1 Nc3 31.Nd6 Re7 32.Nf5 Re8 33.Nd6 Re7 34.Nf5  1/2-1/2

[Event "39th Olympiad Men"]
[Site "Khanty-Mansiysk RUS"]
[Date "2010.09.27"]
[Round "6"]
[White "AlHuwar,J"]
[Black "Pitirotjirathon,J"]
[Result "1-0"]
[WhiteElo "2265"]
[BlackElo "2299"]

1.Nf3 d5 2.g3 Nf6 3.Bg2 c6 4.O-O Bg4 5.c4 e6 6.d3 Nbd7 7.cxd5 cxd5 8.h3 Bh5
9.Nc3 Be7 10.e4 d4 11.Ne2 e5 12.Nh4 O-O 13.Nf5 Re8 14.g4 Bg6 15.Neg3 Bf8
16.g5 Nxe4 17.dxe4 Nc5 18.h4 Qb6 19.b3 a5 20.Bd2 Red8 21.Qf3 Rd7 22.Rfc1 Na6
23.h5 Bxf5 24.Qxf5 Re7 25.Bf1 g6 26.Qf3 Rd7 27.Bc4 Ba3 28.Rd1 Nb4 29.Bxb4 axb4
30.Rab1 Rc8 31.Nf1 Qd8 32.Qg3 Rc5 33.hxg6 hxg6 34.Qh4 b5 35.Bd5 Rdc7 36.Qh6 Qf8
37.Qxg6+ Qg7 38.Qf5 Kf8 39.Ng3 Bc1 40.g6 Qxg6 41.Qxe5 Rc2 42.Qxd4 Bf4 43.Qh8+ Ke7
44.Qh4+ Bg5 45.Qh5 Qxh5 46.Nxh5 Bh4 47.Rf1 Rxa2 48.Ng7 Kf6 49.Nf5  1-0

[Event "39th Olympiad Women"]
[Site "Khanty-Mansiysk RUS"]
[Date "2010.09.27"]
[Round "6"]
[White "Chelushkina,I"]
[Black "Voiska,M"]
[Result "1-0"]
[WhiteElo "2325"]
[BlackElo "2314"]

1.g3 d5 2.Nf3 Bg4 3.d4 Bxf3 4.exf3 e6 5.c3 c6 6.h4 h5 7.Bd3 Nd7 8.a4 Bd6
9.Na3 Qc7 10.f4 Ne7 11.Nc2 g6 12.b3 c5 13.Bb2 Qb6 14.Qb1 c4 15.bxc4 dxc4
16.Be4 Nf6 17.Bf3 Ned5 18.O-O Qc7 19.Ne3 O-O 20.Qc2 Rac8 21.Rfe1 Rfd8 22.Nf1 Ne7
23.Bc1 Nfd5 24.Bd2 Nf5 25.Bg2 Be7 26.Nh2 a6 27.a5 Bf6 28.Nf3 Nfe7 29.Ng5 Rd6
30.Ne4 Rdd8 31.Reb1 Rb8 32.Nxf6+ Nxf6 33.f5 Nxf5 34.Bg5 Kg7 35.Bf4 Nd6 36.Be5 Qe7
37.Rb6 Rd7 38.Qc1 Rbd8 39.Qg5 Ne8 40.Rab1 Kh7 41.Rxb7 Nd5 42.Bxd5 Qxg5 43.hxg5 exd5
44.R1b6 Rxb7 45.Rxb7 Nd6 46.Bxd6 Rxd6 47.Rxf7+ Kg8 48.Ra7 Kf8 49.Kg2 Re6
50.Rd7 Re1 51.Rxd5  1-0

[Event "39th Olympiad Women"]
[Site "Khanty-Mansiysk RUS"]
[Date "2010.09.27"]
[Round "6"]
[White "Lauterbach,I"]
[Black "Al Zarouni,K"]
[Result "1-0"]
[WhiteElo "2169"]
[BlackElo "1890"]

1.Nf3 d5 2.g3 Nf6 3.Bg2 Bf5 4.d3 e6 5.O-O Be7 6.Nfd2 h6 7.e4 Bh7 8.Nc3 c6
9.f4 O-O 10.e5 Nfd7 11.Nf3 a5 12.a3 c5 13.Qe2 a4 14.h3 Na6 15.Nxa4 b5 16.Nc3 Qa5
17.Bd2 Qb6 18.Kh2 c4 19.Ne1 Nb4 20.Rc1 Nxc2 21.Rxc2 Nc5 22.f5 d4 23.Ne4 cxd3
24.Nxd3 Nxd3 25.Qxd3 exf5 26.Nf2 f4 27.Be4 fxg3+ 28.Kxg3 Bxe4 29.Qxe4 Rac8
30.Rfc1 Rxc2 31.Rxc2 d3 32.Rc6 Qa7 33.Be3 Qd7 34.Nxd3 Rd8 35.Nf4 Qd1 36.Qc2 Qe1+
37.Qf2 Qh1 38.Ng2 Qd1 39.Qc2 Qh5 40.Qe4 f5 41.Qf3 Qf7 42.Bb6 Rd2 43.b4 Kh7
44.Kh2 Kg8 45.Bc5 Bg5 46.Rd6 Rc2 47.Qd5 Bf4+ 48.Kh1 Rc1+ 49.Bg1 Bxe5 50.Qxe5 Qa7
51.Qd5+ Kh8 52.Rd8+  1-0

[Event "39th Olympiad Men"]
[Site "Khanty-Mansiysk RUS"]
[Date "2010.09.27"]
[Round "6"]
[White "Teterev,V"]
[Black "Gomez,Joh"]
[Result "1/2-1/2"]
[WhiteElo "2511"]
[BlackElo "2527"]

1.Nf3 d5 2.g3 g6 3.Bg2 Bg7 4.d4 Nf6 5.c4 c6 6.cxd5 cxd5 7.Nc3 O-O 8.Ne5 e6
9.O-O Nfd7 10.f4 Nc6 11.Be3 Ndxe5 12.fxe5 f6 13.exf6 Rxf6 14.Qd2 Rxf1+ 15.Rxf1 Bd7
16.Bf2 Qe7 17.e4 dxe4 18.Nxe4 Rf8 19.Rd1 b6 20.Be3 Qb4 21.Nc3 Na5 22.Qe2 Nc4
23.Nd5 exd5 24.Bxd5+ Kh8 25.Qxc4 Qxb2 26.Qd3 Bf5 27.Qd2 Qa3 28.Bb3 a5 29.Bh6 a4
30.Bxg7+ Kxg7 31.Bc4 Be4 32.Qe2 Bf3 33.Qe5+ Kh6 34.Re1 Rf5 35.Qe3+ Qxe3+
36.Rxe3 Bd5 37.Bd3 Rf7 38.Bb5 Rc7 39.Bxa4 Bxa2 40.Bb3 Bxb3  1/2-1/2